Актуальные проблемы социально-экономического развития современной России (Запись № 4459013)

Подробности
000 -МАРКЕР
контрольное поле 02334nam0a2200337 i 4500
001 - ИДЕНТИФИКАТОР ЗАПИСИ
контрольное поле RU\NLR\bibl\2023079
005 - ИДЕНТИФИКАТОР ВЕРСИИ
контрольное поле 20260408094707.0
010 ## - МЕЖДУНАРОДНЫЙ СТАНДАРТНЫЙ НОМЕР КНИГИ (ISBN)
Номер (ISBN) 9785902459231
021 ## - НОМЕР ГОСУДАРСТВЕННОЙ РЕГИСТРАЦИИ
Код страны Российская Федерация
Номер 2013-17786
Номер Листа государственной регистраци 1250
035 ## - ДРУГИЕ СИСТЕМНЫЕ НОМЕРА
Идентификатор записи (NLR Aleph) 002011241
100 ## - ДАННЫЕ ОБЩЕЙ ОБРАБОТКИ
Данные общей обработки 20130411d2012 u y0rusy50 ca
101 0# - ЯЗЫК РЕСУРСА
Язык текста, звукозаписи и т.д. русский
102 ## - СТРАНА ПУБЛИКАЦИИ ИЛИ ПРОИЗВОДСТВА
Страна публикации Российская Федерация
105 ## - ПОЛЕ КОДИРОВАННЫХ ДАННЫХ: ТЕКСТОВЫЕ МАТЕРИАЛЫ, МОНОГРАФИЧЕСКИЕ
Кодированные данные о монографическом текстовом документе a |||||||||
200 1# - ЗАГЛАВИЕ И СВЕДЕНИЯ ОБ ОТВЕТСТВЕННОСТИ
Основное заглавие Актуальные проблемы социально-экономического развития современной России
Сведения, относящиеся к заглавию коллективная монография
-- [статьи, представленные на Первой всероссийской научно-практической конференции "Экономика и управление в XXI веке: тенденции развития" (25-26 мая 2012 г.)
Первые сведения об ответственности отв. ред.: С.В. Бойко]
210 ## - ПУБЛИКАЦИЯ, РАСПРОСТРАНЕНИЕ И ДР.
Место издания, распространения и т.д. Череповец
Имя издателя, распространителя и т. д. ИНЖЭКОН-Череповец
Дата издания, распространения и т.д. 2012
215 ## - ФИЗИЧЕСКАЯ ХАРАКТЕРИСТИКА
Специфическое обозначение материала и объем 201 с.
Другие сведения о физической характеристике ил.
Размеры 21
300 ## - ОБЩИЕ ПРИМЕЧАНИЯ
Текст примечания В надзаг.: М-во образования и науки Рос. Федерации, Фил. Федер. гос. бюджет. образоват. учреждения высш. проф. образования "С.-Петерб. гос. инженер.-экон. ун-т" в г. Череповце
320 ## - ПРИМЕЧАНИЯ О НАЛИЧИИ В ДОКУМЕНТЕ БИБЛИОГРАФИИ / УКАЗАТЕЛЯ
Текст примечания Библиогр.: с. 191-201
607 ## - ГЕОГРАФИЧЕСКОЕ НАИМЕНОВАНИЕ КАК ПРЕДМЕТ
Географическое наименование Российская Федерация
Тематический подзаголовок Социально-экономическое развитие
Системный номер авторитетной/нормативной записи 2073290
Идентификатор авторитетной/нормативной записи RU\NLR\auth\661248179
686 ## - ИНДЕКСЫ ДРУГИХ КЛАССИФИКАЦИЙ
Индекс У03(2Р)74
686 ## - ИНДЕКСЫ ДРУГИХ КЛАССИФИКАЦИЙ
Индекс Т3(2Р)74
702 #1 - ИМЯ ЛИЦА - ВТОРИЧНАЯ ОТВЕТСТВЕННОСТЬ
Код отношения Редактор
Графика поля Кириллица
Материалы, к которым относится поле rus
Начальный элемент ввода Бойко
Часть имени, кроме начального элемента ввода С. В.
Дополнения к именам, кроме дат канд. филос. наук
Расширение инициалов личного имени Станислав Владимирович
Системный номер авторитетной/нормативной записи 74428
Идентификатор авторитетной/нормативной записи RU\NLR\auth\7791501
711 12 - НАИМЕНОВАНИЕ ОРГАНИЗАЦИИ - АЛЬТЕРНАТИВНАЯ ОТВЕТСТВЕННОСТЬ
Начальный элемент ввода "Экономика и управление в XXI веке: тенденции развития", всероссийская научно-практическая конференция
Порядковый номер временной организации и / или порядковый номер ее части 1
Место проведения временной организации Череповец
Дата проведения временной организации 2012
Системный номер авторитетной/нормативной записи 356729
Идентификатор авторитетной/нормативной записи RU\NLR\AUTH\8810235759
712 02 - НАИМЕНОВАНИЕ ОРГАНИЗАЦИИ - ВТОРИЧНАЯ ОТВЕТСТВЕННОСТЬ
Код отношения Прочие
Начальный элемент ввода Санкт-Петербургский государственный инженерно-экономический университет
Структурное подразделение Филиал
Идентифицирующий признак Череповец
Системный номер авторитетной/нормативной записи 809662
Идентификатор авторитетной/нормативной записи RU\NLR\AUTH\8810157135
801 #0 - ИСТОЧНИК ЗАПИСИ
Страна Российская Федерация
Организация NLR
Дата составления 20130411
Правила каталогизации RCR
801 #1 - ИСТОЧНИК ЗАПИСИ
Страна Российская Федерация
Организация NLR
Дата составления 20130411
942 ## - ДОПОЛНИТЕЛЬНЫЕ ЭЛЕМЕНТЫ ЗАПИСИ (АБИС)
Тип экземпляра АБИС Книга
980 ## - КОЛЛЕКЦИЯ
Название коллекции НБР

Нет доступных экземпляров.